सत्ता का सच : (Record no. 118089)

MARC details
000 -LEADER
fixed length control field 01276nam a22002657a 4500
005 - DATE AND TIME OF LATEST TRANSACTION
control field 20170124103106.0
010 ## - LIBRARY OF CONGRESS CONTROL NUMBER
LC control number A-994867
020 ## - INTERNATIONAL STANDARD BOOK NUMBER
Terms of availability 175.00
035 ## - SYSTEM CONTROL NUMBER
System control number A-994867
037 ## - SOURCE OF ACQUISITION
Source of stock number/acquisition Cen Lib/Ret
040 ## - CATALOGING SOURCE
Original cataloging agency DPL
Language of cataloging HN
082 ## - DEWEY DECIMAL CLASSIFICATION NUMBER
Classification number 080
Item number गाडगि
100 ## - MAIN ENTRY--PERSONAL NAME
Personal name गाडगिल, नरहर विष्णु
9 (RLIN) 78283
245 ## - TITLE STATEMENT
Title सत्ता का सच :
Statement of responsibility, etc नरहर विष्णु गाडगिल ; अनुवादक हरनारायण निगम
Remainder of title फ्रॉम इनसाइड द गोवेंर्मेंट /
246 ## - VARYING FORM OF TITLE
Title proper/short title Satta ka sach / from inside the government /
Remainder of title by Narhar Vishnu Gadgil ; anuvadak Harnarayan Nigam
260 ## - PUBLICATION, DISTRIBUTION, ETC. (IMPRINT)
Place of publication, distribution, etc नई दिल्ली
Name of publisher, distributor, etc प्रवीण प्रकाशन
Date of publication, distribution, etc 2000
270 ## - ADDRESS
City नई दिल्ली
Address 1/1079-ई, महरौली
Postal code 110030
300 ## - PHYSICAL DESCRIPTION
Extent 195पृ.
Dimensions 19सेमी (सजिल्द)
650 ## - SUBJECT ADDED ENTRY--TOPICAL TERM
Topical term or geographic name as entry element हिंदी--पत्रकारिता
9 (RLIN) 1191
650 ## - SUBJECT ADDED ENTRY--TOPICAL TERM
Topical term or geographic name as entry element राजनितिक प्रणाली
9 (RLIN) 78284
650 ## - SUBJECT ADDED ENTRY--TOPICAL TERM
Topical term or geographic name as entry element Hindi--Journalism
9 (RLIN) 43511
650 ## - SUBJECT ADDED ENTRY--TOPICAL TERM
Topical term or geographic name as entry element Political system
9 (RLIN) 14768
700 ## - ADDED ENTRY--PERSONAL NAME
Personal name निगम, हरनारायण
9 (RLIN) 78285
942 ## - ADDED ENTRY ELEMENTS (KOHA)
Source of classification or shelving scheme Dewey Decimal Classification
Koha item type Hindi Books
Classification part 080
Call number suffix गाडगि
Holdings
Withdrawn status Lost status Damaged status Not for loan Home library Current library Date acquired Source of acquisition Cost, normal purchase price Total Checkouts Total Renewals Full call number Barcode Date last seen Date checked out Copy number Cost, replacement price Price effective from Koha item type
        Central Library Central Library 10/09/2015 Cen Lib/Ref 175.00 2 1 080 गाडगि A-994867 21/12/2018 28/11/2018 1 175.00 10/09/2015 Hindi Books

© Delhi Public Library
Hit Counter
free hit counter